[Event "Mondiale Semilampo FIDE 2024"]
[Site "New York"]
[Date "26.12.2024"]
[Round "5.39"]
[White "Hakobyan, Aram"]
[Black "So, Wesley"]
[Result "0-1"]
[WhiteTitle "GM"]
[BlackTitle "GM"]
[WhiteElo "2625"]
[BlackElo "2747"]
[WhiteFideId "13306677"]
[BlackFideId "5202213"]
[EventDate "26.12.2024"]

1. d4 Nf6 2. c4 c6 3. Nf3 d5 4. Nc3 e6 5. g3 dxc4 6. Bg2 Nbd7 7. O-O Be7 8. e4
e5 9. dxe5 Ng4 10. Bf4 Qa5 11. e6 fxe6 12. e5 O-O 13. Qe2 Qd8 14. Rad1 Rxf4 15.
gxf4 Qf8 16. Qxc4 Nb6 17. Qe4 Nd5 18. Ne2 Nh6 19. Ng5 g6 20. Bh3 Nf5 21. Bxf5
Qxf5 22. Qxf5 gxf5 23. Rd3 h6 24. Nh3 b6 25. Nc3 Ba6 26. Nxd5 exd5 27. Rg3+ Kf7
28. Rd1 Rd8 29. Kh1 d4 30. Ng1 c5 31. Nf3 Bc4 32. e6+ Bxe6 33. Ne5+ Ke8 34. Re1
Rd6 35. Rg7 a5 36. b3 Bd5+ 37. Kg1 Re6 38. Kf1 Kd8 39. Nc6+ Rxc6 40. Rexe7 Rd6
41. Ra7 Kc8 42. Rh7 Rd8 43. Ke1 Kb8 44. Rad7 Rxd7 45. Rxd7 Be4 46. Rd6 Kc7 47.
Rxh6 b5 48. h4 c4 49. bxc4 bxc4 50. Re6 Bf3 51. Ra6 c3 52. Rxa5 Kb6 53. Ra3 Kb5
54. Rb3+ Kc4 55. Rb8 d3 56. Rd8 d2+ 57. Rxd2 cxd2+ 58. Kxd2 Kd4 59. a4 Ke4 60.
a5 Kxf4 61. a6 Kg4 62. Ke3 f4+ 63. Kd4 Kxh4 64. Ke5 Kg4 0-1

[Event "Mondiale Semilampo FIDE 2024"]
[Site "New York"]
[Date "26.12.2024"]
[Round "5.40"]
[White "Jumabayev, Rinat"]
[Black "Onischuk, Alexander"]
[Result "1-0"]
[WhiteTitle "GM"]
[BlackTitle "GM"]
[WhiteElo "2573"]
[BlackElo "2640"]
[WhiteFideId "13702661"]
[BlackFideId "14101025"]
[EventDate "26.12.2024"]

1. Nf3 Nf6 2. g3 d5 3. Bg2 c6 4. c4 g6 5. b3 Bg7 6. Bb2 O-O 7. O-O a6 8. d3 Nbd7
9. Nbd2 Re8 10. d4 a5 11. Qc2 a4 12. Bc3 b5 13. cxb5 cxb5 14. Rac1 Bb7 15. Bb4
Rc8 16. Qd3 Qb6 17. Rxc8 Rxc8 18. Bxe7 Ne4 19. Bb4 Nb8 20. Qb1 Nc6 21. Nxe4 Nxb4
22. Nc5 a3 23. e3 Bf8 24. Ne5 Bc6 25. Qc1 Qa7 26. Qc3 Nxa2 27. Qd2 Bxc5 28. dxc5
Qxc5 29. Qxa2 b4 30. Nxc6 Rxc6 31. Rd1 Qc2 32. Qxc2 Rxc2 33. Bxd5 a2 34. Ra1 Kg7
35. Kg2 f5 36. Kf3 Rb2 37. e4 Kf6 38. Ke3 fxe4 39. Kxe4 Rxf2 40. Kd4 Rxh2 41.
Kc5 Ke5 42. Re1+ Kf5 43. Kxb4 Kg4 44. Kc3 Re2 45. Ra1 Kxg3 46. b4 Re3+ 47. Kd4 1-0

[Event "Mondiale Semilampo FIDE 2024"]
[Site "New York"]
[Date "26.12.2024"]
[Round "5.41"]
[White "Chirila, Ioan-Cristian"]
[Black "Le, Quang Liem"]
[Result "1/2-1/2"]
[WhiteTitle "GM"]
[BlackTitle "GM"]
[WhiteElo "2530"]
[BlackElo "2739"]
[WhiteFideId "1211668"]
[BlackFideId "12401137"]
[EventDate "26.12.2024"]

1. d4 d5 2. c4 e6 3. Nc3 Bb4 4. Qa4+ Nc6 5. e3 Nf6 6. Nf3 O-O 7. Bd2 dxc4 8.
Bxc4 Bd6 9. h3 a6 10. a3 e5 11. d5 Ne7 12. e4 Bd7 13. Qd1 Rc8 14. O-O Ng6 15.
Re1 h6 16. Bf1 c6 17. Be3 cxd5 18. Nxd5 Nxd5 19. Qxd5 Bc6 20. Qd3 Qf6 21. Bb6
Bc7 22. Bxc7 Rxc7 23. Qe3 Rd8 24. Rad1 Rcd7 25. Rxd7 Rxd7 26. g3 Nf8 27. Qc3 Re7
28. Bc4 Nd7 29. Bd5 Bxd5 30. exd5 Qd6 31. Qc8+ Nf8 32. Qc4 Rc7 33. Qe4 Rc5 34.
Qxe5 Rxd5 35. Qxd6 Rxd6 36. Re8 f6 37. Re7 Rd7 38. Rxd7 Nxd7 39. Kf1 Kf7 40. Nd4
g6 41. Ke2 Ke7 42. Ke3 Kd6 43. h4 h5 44. Ne2 Ke5 45. Nf4 Kf5 46. Kd4 Ne5 47. Kc5
Ng4 48. f3 Ne5 49. Kb6 Nxf3 50. Kxb7 Nxh4 51. Kxa6 Nf3 52. Ng2 Kg4 53. b4 Kxg3
54. Ne3 Kf2 55. Nd5 h4 56. b5 h3 57. Nxf6 Ne5 58. b6 h2 59. b7 h1=Q 60. b8=Q
Qc6+ 61. Qb6+ Qxb6+ 62. Kxb6 Nc4+ 63. Kc5 Nxa3 64. Kd4 Kf3 65. Nh7 Kf4 66. Nf8
g5 67. Ne6+ Kf5 68. Nxg5 Kxg5 1/2-1/2

[Event "Mondiale Semilampo FIDE 2024"]
[Site "New York"]
[Date "26.12.2024"]
[Round "5.42"]
[White "Makarian, Rudik"]
[Black "Sarana, Alexey"]
[Result "1-0"]
[WhiteTitle "IM"]
[BlackTitle "GM"]
[WhiteElo "2547"]
[BlackElo "2674"]
[WhiteFideId "44105681"]
[BlackFideId "24133795"]
[EventDate "26.12.2024"]

1. d4 d5 2. c4 c6 3. Nf3 Nf6 4. Nc3 e6 5. g3 Nbd7 6. Bg2 dxc4 7. O-O Be7 8. e4
O-O 9. Bf4 b5 10. d5 Qb6 11. dxc6 Nc5 12. Nd4 Nd3 13. e5 Qxd4 14. exf6 Bxf6 15.
c7 Bd7 16. Bxa8 Rxa8 17. Qf3 Rc8 18. a4 bxa4 19. Rfd1 h6 20. Nxa4 e5 21. Be3 Qd6
22. Nc5 Rxc7 23. Nxd7 Qxd7 24. Qa8+ Kh7 25. Qe4+ g6 26. b3 Qe6 27. Rab1 Nb4 28.
Rdc1 Na2 29. Rc2 Nb4 30. Rxc4 Rxc4 31. Qxc4 Nd5 32. Rd1 Nxe3 33. Qxe6 fxe6 34.
Rd7+ 1-0

[Event "Mondiale Semilampo FIDE 2024"]
[Site "New York"]
[Date "26.12.2024"]
[Round "5.43"]
[White "Cheparinov, Ivan"]
[Black "Grebnev, Aleksey"]
[Result "1/2-1/2"]
[WhiteTitle "GM"]
[BlackTitle "GM"]
[WhiteElo "2646"]
[BlackElo "2555"]
[WhiteFideId "2905540"]
[BlackFideId "34189030"]
[EventDate "26.12.2024"]

1. Nf3 d5 2. d4 Nf6 3. c4 e6 4. e3 Be7 5. Nc3 O-O 6. a3 b6 7. cxd5 exd5 8. Bd3
c5 9. b3 Nc6 10. Ne2 Ne4 11. Bb2 Bf6 12. Qc2 Re8 13. O-O Bb7 14. Rad1 cxd4 15.
Nexd4 Nxd4 16. Bxd4 Bxd4 17. Nxd4 Rc8 18. Qb2 Qf6 19. Rc1 h6 20. b4 Nd6 21. Rxc8
Rxc8 22. Rc1 Qd8 23. Rc2 Kf8 24. h3 Rxc2 25. Qxc2 Qc8 26. Qxc8+ Nxc8 27. Kf1 Nd6
28. Ke2 Ke7 29. f3 Kd7 30. Kd2 Kc7 31. Kc3 Bc8 32. h4 g5 33. h5 Bd7 34. Ne2 Ne8
35. g4 Kd6 36. Kd4 Nc7 37. Ng3 Ne6+ 38. Kc3 Ng7 39. Kd4 Ne6+ 40. Kc3 Ng7 1/2-1/2

[Event "Mondiale Semilampo FIDE 2024"]
[Site "New York"]
[Date "26.12.2024"]
[Round "5.44"]
[White "Brodsky, David"]
[Black "Anton Guijarro, David"]
[Result "0-1"]
[WhiteTitle "GM"]
[BlackTitle "GM"]
[WhiteElo "2538"]
[BlackElo "2673"]
[WhiteFideId "2073250"]
[BlackFideId "2285525"]
[EventDate "26.12.2024"]

1. e4 c6 2. d4 d5 3. e5 Bf5 4. Nf3 e6 5. Be2 Ne7 6. c3 Nd7 7. O-O h6 8. Na3 Be4
9. Nc2 c5 10. dxc5 Nxc5 11. Ncd4 Nd7 12. Bf4 Nc6 13. c4 Bc5 14. cxd5 Bxd5 15.
Nxc6 bxc6 16. Qc2 O-O 17. Rad1 Qb8 18. Bg3 Rd8 19. Nd2 a5 20. Ne4 Qb4 21. Nc3 a4
22. Bd3 Rdb8 23. Rb1 Bd4 24. Rfe1 Qa5 25. Re2 Bxc3 26. bxc3 Rxb1+ 27. Qxb1 Qxc3
28. h4 Rb8 29. Qd1 Nc5 30. Bb1 Qb4 31. Bc2 a3 32. Rd2 Qc3 33. Bf4 Nd7 34. Rd3
Qc4 35. Bc1 Nxe5 36. Rxa3 Qxh4 37. Rg3 Rb4 38. Qe1 f6 39. Bxh6 Rg4 40. Be3 Rxg3
41. fxg3 Qc4 42. Bb1 Ng4 43. Qd2 Kf7 44. a3 Qb3 45. Bd3 Qxa3 46. Bd4 c5 47. Bc3
Qb3 48. Bc2 Qa2 49. Qd3 f5 50. Qd2 Nf6 51. Qf2 Be4 52. Bd1 Qxf2+ 53. Kxf2 Bd5
54. Be5 g5 55. g4 f4 56. Be2 c4 57. Bd4 Nd7 58. g3 e5 59. Bc3 Kf6 60. gxf4 gxf4
61. Bd1 Kg5 62. Ba4 Nf6 63. Ke2 Nxg4 64. Bd7 e4 65. Bd4 e3 66. Ke1 Nh2 67. Ke2
Ng4 68. Ke1 Kh4 69. Bc5 Kg3 70. Bd6 Be4 0-1

[Event "Mondiale Semilampo FIDE 2024"]
[Site "New York"]
[Date "26.12.2024"]
[Round "5.45"]
[White "Indjic, Aleksandar"]
[Black "Ghosh, Diptayan"]
[Result "0-1"]
[WhiteTitle "GM"]
[BlackTitle "GM"]
[WhiteElo "2647"]
[BlackElo "2569"]
[WhiteFideId "911925"]
[BlackFideId "5045207"]
[EventDate "26.12.2024"]

1. d4 d5 2. c4 e6 3. Nc3 Nf6 4. Bg5 Be7 5. e3 O-O 6. Qc2 c5 7. dxc5 dxc4 8. Bxc4
Qa5 9. Nf3 Qxc5 10. Bd3 h6 11. Bh4 Nc6 12. a3 Bd7 13. b4 Qh5 14. Bg3 Rac8 15.
Qb3 a5 16. b5 Nb4 17. Be2 Rxc3 18. Qxc3 Rc8 19. Nd4 Rxc3 20. Bxh5 Nd3+ 21. Kd2
Ne4+ 22. Ke2 e5 23. Bxe5 Nxe5 24. Bf3 Nd6 25. a4 Nxf3 26. gxf3 Bf6 27. Rhd1 Rc4
28. Ra3 Bxd4 29. Rxd4 Rxd4 30. exd4 Kf8 31. Rc3 Ke7 32. d5 b6 33. Ke3 Nf5+ 34.
Ke4 Kd6 35. f4 Ne7 36. Rg3 g6 37. Rc3 Nxd5 38. Rc1 Nf6+ 39. Kd4 Nh5 40. Ke4 Ng7
41. Rd1+ Ke6 42. Rc1 Ne8 43. Kd4 Kd6 44. Ke4 Nc7 45. Rd1+ Ke7 46. Re1 Bf5+ 47.
Ke5 f6+ 48. Kd4+ Kd6 49. Rc1 Ne6+ 50. Kc4 Nc5 51. Rd1+ Ke7 52. Kd5 Be4+ 53. Kd4
Bf5 54. Kd5 Kd7 55. Kc4+ Kc7 56. Re1 Be6+ 57. Kd4 Kd6 58. Rg1 Bf7 59. f5 g5 60.
h4 Nxa4 61. hxg5 hxg5 62. Rh1 Nc5 63. Rh8 Nb3+ 64. Kc3 Ke5 65. Rb8 Nc5 66. Kc2
Na4 0-1

[Event "Mondiale Semilampo FIDE 2024"]
[Site "New York"]
[Date "26.12.2024"]
[Round "5.46"]
[White "Volokitin, Andrei"]
[Black "Tang, Andrew"]
[Result "1-0"]
[WhiteTitle "GM"]
[BlackTitle "GM"]
[WhiteElo "2649"]
[BlackElo "2527"]
[WhiteFideId "14107090"]
[BlackFideId "2059630"]
[EventDate "26.12.2024"]

1. e4 e5 2. Nf3 Nc6 3. Bc4 Nf6 4. d3 h6 5. c3 d6 6. a4 g6 7. Qb3 Qe7 8. a5 a6 9.
O-O Bg7 10. Re1 O-O 11. d4 Kh7 12. d5 Nb8 13. Bd3 Nbd7 14. Qc2 Nc5 15. Bf1 c6
16. c4 cxd5 17. cxd5 Bg4 18. Nfd2 Rac8 19. Nc3 g5 20. Be2 Bxe2 21. Rxe2 Nh5 22.
Nf1 Nf4 23. Re3 Qf6 24. Ng3 Rfd8 25. Nf5 Bf8 26. Rf3 Qg6 27. Bxf4 exf4 28. h4
Nd7 29. hxg5 Ne5 30. Rxf4 hxg5 31. Rf3 Nxf3+ 32. gxf3 Kg8 33. Kg2 Re8 34. Rh1
Re5 35. Qd3 Rc7 36. Ne2 Rxf5 37. exf5 Qf6 38. Ng3 Bg7 39. b4 Qd4 40. Qe2 Be5 41.
Ne4 Qxb4 42. Qe3 f6 43. Nxf6+ Kf8 44. Rh8+ Kf7 45. Qxg5 1-0

[Event "Mondiale Semilampo FIDE 2024"]
[Site "New York"]
[Date "26.12.2024"]
[Round "5.47"]
[White "Rakhmanov, Aleksandr"]
[Black "Escobar Forero, Alder"]
[Result "1-0"]
[WhiteTitle "GM"]
[BlackTitle "GM"]
[WhiteElo "2585"]
[BlackElo "2420"]
[WhiteFideId "4173708"]
[BlackFideId "4400801"]
[EventDate "26.12.2024"]

1. c4 Nf6 2. Nc3 d6 3. g3 e5 4. Bg2 Be7 5. e3 O-O 6. Nge2 c6 7. d4 Re8 8. O-O
Bf8 9. e4 a6 10. a3 b5 11. Qd3 bxc4 12. Qxc4 a5 13. Rd1 Be6 14. Qd3 Bb3 15. Re1
Nbd7 16. h3 c5 17. dxc5 Nxc5 18. Qe3 Rb8 19. g4 g6 20. Ng3 h6 21. Bd2 Be6 22.
Rab1 Rb3 23. Qf3 Bg7 24. Qe2 Qb6 25. Be3 Rb8 26. Qd2 Kh7 27. Na4 Qb5 28. Nxc5
dxc5 29. Ne2 Rd3 30. Qc1 c4 31. Nc3 Qc6 32. Qc2 Rb3 33. Red1 Qd7 34. Bf1 Rxd1
35. Rxd1 Qb7 36. Rd2 Bf8 37. Bg2 Qc6 38. Nd5 Bg7 39. Qc1 Rb7 40. Qc3 Qb5 41. Qc1
Qb3 1-0

[Event "Mondiale Semilampo FIDE 2024"]
[Site "New York"]
[Date "26.12.2024"]
[Round "5.48"]
[White "Khanin, Semen"]
[Black "Hong, Andrew"]
[Result "1/2-1/2"]
[WhiteTitle "GM"]
[BlackTitle "GM"]
[WhiteElo "2568"]
[BlackElo "2572"]
[WhiteFideId "4111990"]
[BlackFideId "2099438"]
[EventDate "26.12.2024"]

1. d4 Nf6 2. c4 e6 3. Nc3 Bb4 4. e3 O-O 5. Bd3 d5 6. a3 Bxc3+ 7. bxc3 dxc4 8.
Bxc4 c5 9. Bd3 b6 10. Nf3 Ba6 11. e4 Bxd3 12. Qxd3 h6 13. g4 Nh7 14. h4 Nc6 15.
Rg1 cxd4 16. cxd4 Rc8 17. Bd2 Qd6 18. Rd1 Rfd8 19. Be3 Nf8 20. h5 e5 21. d5 Ne6
22. g5 hxg5 23. Nxg5 Nf4 24. Bxf4 exf4 25. e5 Nxe5 26. Qh7+ Kf8 27. Ne6+ Ke7 28.
Nxd8 Qxa3 29. Nc6+ Rxc6 30. dxc6 Qc3+ 31. Kf1 Qc4+ 32. Kg2 Qxc6+ 33. Kf1 Qc4+
34. Kg2 Qc6+ 35. Kf1 Qc4+ 36. Kg2 Qc6+ 37. Kf1 Qc4+ 38. Kg2 Qc6+ 1/2-1/2

[Event "Mondiale Semilampo FIDE 2024"]
[Site "New York"]
[Date "26.12.2024"]
[Round "5.49"]
[White "Isanzhulov, Arystan"]
[Black "Ibarra Jerez, Jose Carlos"]
[Result "1-0"]
[WhiteTitle "IM"]
[BlackTitle "GM"]
[WhiteElo "2395"]
[BlackElo "2556"]
[WhiteFideId "13711644"]
[BlackFideId "2226332"]
[EventDate "26.12.2024"]

1. e4 c5 2. Nf3 Nc6 3. Nc3 e6 4. g3 d5 5. exd5 exd5 6. Bg2 d4 7. Ne2 Nf6 8. O-O
Be7 9. d3 h6 10. a4 O-O 11. Nd2 Bf5 12. h3 Nd5 13. Nc4 Nb6 14. b3 Re8 15. Nf4
Bf8 16. Bd2 Rb8 17. Qh5 Qd7 18. Nxb6 axb6 19. Nd5 Bg6 20. Qh4 Re2 21. Nxb6 Qe6
22. Nc4 Ne5 23. Nxe5 Be7 24. Nxg6 Qxg6 25. Qf4 Bd6 26. Qf3 Rxd2 27. Rac1 Bc7 28.
Rfe1 Qd6 29. h4 Ba5 30. Re4 Rf8 31. h5 b6 32. Bh3 Bc3 33. Bf5 Qf6 34. Rf4 Qe7
35. Be4 Bb2 36. Re1 Kh8 37. Kf1 Bc3 38. Re2 Qe6 39. Rf5 Rxe2 40. Qxe2 Kg8 41.
Kg2 Qe8 42. Re5 Qd8 43. Qf3 Re8 44. Rd5 Qf6 45. Qxf6 gxf6 46. f4 Kf8 47. Kf3 Re6
48. f5 Rc6 49. Rd7 Rc8 50. Bd5 Ke8 51. Rxf7 Rd8 52. Be6 Bd2 53. Rxf6 Ke7 54. Rg6
Bg5 55. Ke4 Rf8 56. Kd5 Bd2 57. Ke5 Bg5 58. Rg7+ Kd8 59. Kd6 Re8 60. Rb7 Be7+
61. Kc6 Bg5 62. Rb8+ Ke7 63. Rxe8+ Kxe8 64. Kxb6 1-0

[Event "Mondiale Semilampo FIDE 2024"]
[Site "New York"]
[Date "26.12.2024"]
[Round "5.50"]
[White "Kacharava, Nikolozi"]
[Black "Suleymanli, Aydin"]
[Result "1/2-1/2"]
[WhiteTitle "GM"]
[BlackTitle "GM"]
[WhiteElo "2510"]
[BlackElo "2623"]
[WhiteFideId "13611860"]
[BlackFideId "13413937"]
[EventDate "26.12.2024"]

1. e4 e5 2. Nf3 Nc6 3. Bc4 Nf6 4. Ng5 d5 5. exd5 Na5 6. Bb5+ c6 7. dxc6 bxc6 8.
Bd3 Nd5 9. Nf3 Nf4 10. Bf1 e4 11. d3 exf3 12. Bxf4 Qf6 13. Qxf3 Qxb2 14. Qe2+
Be6 15. Qe5 Bb4+ 16. Kd1 Qxe5 17. Bxe5 O-O 18. Bc3 c5 19. Be2 Rac8 20. Bf3 Rfd8
21. Ke2 Nc6 22. Bxc6 Rxc6 23. Rd1 Bd5 24. f3 Rh6 25. h3 Re6+ 26. Kf1 f5 27. a3
Bxc3 28. Nxc3 Bc6 29. Re1 Kf7 30. Kf2 c4 31. Rxe6 Kxe6 32. Re1+ Kf6 33. Ke3 cxd3
34. cxd3 Ke5 35. Kd2+ Kd6 36. Rb1 Kc5 37. Rb4 Rd6 38. Rf4 Bd7 39. Rc4+ Kb6 40.
Ne2 Bc6 41. Nd4 Bd7 42. Ke3 Rd5 43. g4 fxg4 44. hxg4 Ra5 45. Nc2 Ba4 46. Nb4 Bd7
47. Rc3 g6 48. d4 h5 49. gxh5 gxh5 50. d5 h4 51. f4 h3 52. Kf3 Rc5 53. Rxc5 Kxc5
54. Kg3 a5 55. Nc6 a4 56. Nb4 Kc4 57. d6 Kc5 58. Nd3+ Kxd6 59. Nb2 Kd5 60. Nxa4 1/2-1/2

[Event "Mondiale Semilampo FIDE 2024"]
[Site "New York"]
[Date "26.12.2024"]
[Round "5.51"]
[White "Manafov, Vugar"]
[Black "Bologan, Victor"]
[Result "1/2-1/2"]
[WhiteTitle "IM"]
[BlackTitle "GM"]
[WhiteElo "2431"]
[BlackElo "2600"]
[WhiteFideId "13410814"]
[BlackFideId "13900048"]
[EventDate "26.12.2024"]

1. Nf3 d6 2. d4 Nf6 3. Bg5 Nbd7 4. Nbd2 h6 5. Bh4 g6 6. c3 Bg7 7. e4 e5 8. dxe5
dxe5 9. Qc2 Qe7 10. Be2 O-O 11. O-O b6 12. Rfe1 Bb7 13. Bf1 a5 14. Nc4 Qe6 15.
Nfd2 Nh5 16. Ne3 Bf6 17. Bc4 Qe8 18. Bxf6 Nhxf6 19. Rad1 Kg7 20. a3 Nc5 21. Nd5
Bxd5 22. exd5 a4 23. Nf3 e4 24. Nd4 Qd7 25. Qd2 Rad8 26. Qf4 Qd6 27. Qh4 Rfe8
28. Nc6 Ra8 29. Re3 Qd7 30. Rh3 h5 31. Qg5 Qg4 32. Qxg4 Nxg4 33. Be2 Ne5 34. Re3
Nxc6 35. dxc6 Rad8 36. Rd4 f5 37. Bb5 Kf6 38. Re1 Rxd4 39. cxd4 Nb3 40. Bxa4
Nxd4 41. Rd1 Rd8 42. Kf1 Rd6 43. f4 Ke7 44. Kf2 Ne6 45. Rxd6 Kxd6 46. Ke3 Nd8
47. Bb3 Nxc6 48. Bf7 Ne7 49. g3 h4 50. b3 hxg3 51. hxg3 Kc5 52. Be8 Nd5+ 53. Ke2
Kd4 54. Bxg6 Ne7 55. Bf7 Kc3 56. Ke3 Nc8 57. Be6 Nd6 58. b4 b5 59. g4 fxg4 60.
Bxg4 Kb3 61. f5 Kxa3 62. f6 Kxb4 63. Be6 c5 64. f7 Nxf7 65. Bxf7 Kc3 66. Kxe4 c4
67. Kd5 b4 68. Kc5 b3 69. Bxc4 b2 70. Ba2 b1=Q 71. Bxb1 1/2-1/2

[Event "Mondiale Semilampo FIDE 2024"]
[Site "New York"]
[Date "26.12.2024"]
[Round "5.52"]
[White "Vokhidov, Shamsiddin"]
[Black "Degenbaev, Aziz"]
[Result "1-0"]
[WhiteTitle "GM"]
[BlackTitle "FM"]
[WhiteElo "2681"]
[BlackElo "2260"]
[WhiteFideId "14204223"]
[BlackFideId "13802640"]
[EventDate "26.12.2024"]

1. e4 c5 2. Nf3 d6 3. d4 cxd4 4. Nxd4 Nf6 5. Nc3 Nc6 6. Bg5 Bd7 7. Nxc6 Bxc6 8.
Bxf6 gxf6 9. Bb5 Bxb5 10. Nxb5 Qa5+ 11. Nc3 e6 12. Qd3 O-O-O 13. O-O Rg8 14. f4
Kb8 15. Kh1 h5 16. Rad1 h4 17. Qh3 Be7 18. f5 Qe5 19. Qxh4 d5 20. exd5 Rh8 21.
Qf4 Qxf4 22. Rxf4 Bd6 23. Rf3 Rxh2+ 24. Kg1 Rg8 25. Rd2 exf5 26. Rxf5 Rgh8 27.
Ne4 Be5 28. c3 R2h6 29. Kf2 b6 30. Ke3 Re8 31. Kd3 Rg8 32. Rdf2 Rgg6 33. c4 Kc7
34. b4 Rh4 35. c5 Rgg4 36. Re2 b5 37. Rf1 Rg6 38. a3 Rhg4 39. g3 Rh6 40. Kc2
Rhg6 41. Kb3 Rh6 42. Kc2 Rhg6 43. Kd2 Rh6 44. Ke3 Rh3 45. Rf3 Kd8 46. Kd3 Rh6
47. Ref2 Rhg6 48. Rh2 Bxg3 49. Rh8+ Kc7 50. d6+ Kc6 51. Nxf6 Be5 52. Rc8+ 1-0

[Event "Mondiale Semilampo FIDE 2024"]
[Site "New York"]
[Date "26.12.2024"]
[Round "5.53"]
[White "Ansat, Aldiyar"]
[Black "Theodorou, Nikolas"]
[Result "0-1"]
[WhiteTitle "IM"]
[BlackTitle "GM"]
[WhiteElo "2479"]
[BlackElo "2600"]
[WhiteFideId "13715658"]
[BlackFideId "4262875"]
[EventDate "26.12.2024"]

1. e4 c5 2. Nf3 Nc6 3. d4 cxd4 4. Nxd4 e5 5. Nb5 d6 6. N1c3 a6 7. Na3 Be6 8. Nc4
b5 9. Ne3 Nf6 10. Bd3 g6 11. O-O Bg7 12. Bd2 O-O 13. a4 b4 14. Ncd5 Bxd5 15.
exd5 Ne7 16. Bxb4 Nexd5 17. Nxd5 Nxd5 18. Ba3 Nf6 19. Qe2 Qb6 20. a5 Qc6 21. c3
Rfe8 22. Rad1 d5 23. Bc2 Bf8 24. Bxf8 Kxf8 25. f4 e4 26. Qe3 Rab8 27. Rb1 Qd6
28. Qd4 Rec8 29. Kh1 Rc4 30. Qf2 Kg7 31. Qd2 d4 32. cxd4 Rxd4 33. Qc3 Qb4 34.
Qg3 Qxa5 35. f5 Qd8 36. fxg6 hxg6 37. Rxf6 Kxf6 38. Rf1+ Kg7 39. Bb3 f6 40. Be6
Rd1 41. Re1 0-1

[Event "Mondiale Semilampo FIDE 2024"]
[Site "New York"]
[Date "26.12.2024"]
[Round "5.54"]
[White "Bai, Adelard"]
[Black "Moroni, Luca Jr"]
[Result "1-0"]
[WhiteTitle "IM"]
[BlackTitle "GM"]
[WhiteElo "2393"]
[BlackElo "2550"]
[WhiteFideId "16301188"]
[BlackFideId "865834"]
[EventDate "26.12.2024"]

1. d4 g6 2. Nc3 Bg7 3. e4 a6 4. a4 d6 5. Nf3 Nf6 6. Be2 O-O 7. O-O Nc6 8. d5 Nb4
9. h3 e6 10. dxe6 Bxe6 11. Nd4 Bd7 12. Bf4 Re8 13. Bf3 Nc6 14. Nxc6 Bxc6 15. Re1
Nd7 16. Qd2 a5 17. Rad1 Nc5 18. b3 Qf6 19. Nd5 Bxd5 20. exd5 b6 21. Be3 Qb2 22.
Rb1 Qc3 23. Rbd1 Na6 24. Qxc3 Bxc3 25. Re2 Nb4 26. Kf1 Re5 27. Bd2 Rxe2 28. Bxe2
Na2 29. Bb5 Bf6 30. Ke2 Bc3 31. Kd3 Bxd2 32. Rxd2 Nb4+ 33. Kc4 Kf8 34. c3 Na6
35. Re2 Nc5 36. b4 axb4 37. cxb4 Na6 38. Bc6 Rd8 39. Kb5 Nb8 40. a5 bxa5 41.
bxa5 Nxc6 42. Kxc6 Ra8 43. Ra2 Ra7 44. f4 Ke7 45. g4 h6 46. Ra3 Kd8 47. h4 h5
48. g5 Kc8 49. a6 Kd8 50. Ra2 Kc8 51. Ra3 Kd8 52. Kb5 Kd7 53. Ra2 Kd8 54. Ra4
Kd7 55. Ka5 Ra8 56. Rb4 Kd8 57. Rb7 Kc8 58. Kb5 Kd8 59. a7 Kd7 60. Ka6 Kc8 61.
Rb4 c6 62. dxc6 Kc7 63. Rb7+ Kxc6 64. Rb8 1-0

[Event "Mondiale Semilampo FIDE 2024"]
[Site "New York"]
[Date "26.12.2024"]
[Round "5.55"]
[White "Banh Gia Huy"]
[Black "Ghaem Maghami, Ehsan"]
[Result "1/2-1/2"]
[WhiteTitle "IM"]
[BlackTitle "GM"]
[WhiteElo "2422"]
[BlackElo "2434"]
[WhiteFideId "12424714"]
[BlackFideId "12500739"]
[EventDate "26.12.2024"]

1. d4 Nf6 2. Nf3 d5 3. Bf4 c5 4. e3 Nc6 5. Nbd2 a6 6. dxc5 Bg4 7. h3 Bxf3 8.
Nxf3 e6 9. Be2 Bxc5 10. O-O O-O 11. c4 Qb6 12. Qb3 Qxb3 13. axb3 Rfd8 14. Rfd1
Rac8 15. Ne5 Nb4 16. Bf3 h6 17. Nd3 Nxd3 18. Rxd3 dxc4 19. Rxd8+ Rxd8 20. bxc4
Rd7 21. Be5 Bb4 22. Kf1 a5 23. Bd4 Rc7 24. Be5 Rxc4 25. Bxb7 Nd7 26. Bg3 Nc5 27.
Bf3 Rc2 28. Rb1 f5 29. Bd1 Rd2 30. f3 Nd3 31. b3 Bc5 32. Be2 Bxe3 33. Bxd3 Rxd3
34. Ke2 Rc3 35. Be1 Rc1 36. Rxc1 Bxc1 37. Bxa5 Kf7 38. Bc3 g6 39. Be5 Ke8 40.
Kd3 Kd7 41. Kc4 Kc6 42. b4 Be3 43. b5+ Kb7 44. Bd4 Bf4 45. Kc5 Bc7 46. Bf6 h5
47. Kc4 Bd6 48. g4 hxg4 49. hxg4 fxg4 50. fxg4 Bc7 51. Kd3 Bd6 52. Kc4 Bc7 53.
Bd4 Bd6 54. Bc5 Be5 55. Kd3 Bf4 56. Ke4 Bc7 57. Bd4 Bd6 58. Be5 Ba3 59. Bf4 Kb6
60. Ke5 Kxb5 61. Kxe6 Kc6 62. Kf6 Kd5 63. Kxg6 Ke4 64. Bd2 Be7 65. Kh5 Bd8 66.
Bg5 Ba5 67. Kg6 Bb6 68. Bc1 Bd8 1/2-1/2

[Event "Mondiale Semilampo FIDE 2024"]
[Site "New York"]
[Date "26.12.2024"]
[Round "5.56"]
[White "Smirnov, Mark"]
[Black "Corrales Jimenez, Fidel"]
[Result "1/2-1/2"]
[WhiteTitle "FM"]
[BlackTitle "GM"]
[WhiteElo "2336"]
[BlackElo "2555"]
[WhiteFideId "13764594"]
[BlackFideId "3506690"]
[EventDate "26.12.2024"]

1. e4 c6 2. d4 d5 3. Nc3 dxe4 4. Nxe4 Bf5 5. Ng3 Bg6 6. h4 h6 7. Nf3 Nd7 8. Bd3
Bxd3 9. Qxd3 e6 10. Bf4 Qa5+ 11. Bd2 Bb4 12. Ne4 Ngf6 13. Nd6+ Ke7 14. Nc4 Bxd2+
15. Nfxd2 Qc7 16. O-O-O Rhd8 17. Rhe1 Kf8 18. Qa3+ c5 19. dxc5 Qxc5 20. Qxc5+
Nxc5 21. Ne5 Rd5 22. Ndf3 Rxd1+ 23. Rxd1 Nce4 24. Rf1 Rd8 25. Ne1 g5 26. hxg5
hxg5 27. N1d3 Kg7 28. Rh1 Rd5 29. f3 Ng3 30. Re1 Rd8 31. Nf2 Nd5 32. Ned3 Nf5
33. Ne4 Nf4 34. Nxg5 Nxd3+ 35. cxd3 Rxd3 36. Ne4 Rd8 37. Rd1 Nd4 38. Nc3 e5 39.
Re1 f6 40. f4 Nc6 41. fxe5 Nxe5 42. Kc2 Kf7 43. Rh1 Kg6 44. Rh3 Rd7 45. Rg3+ Kf5
46. Rg8 Ng4 47. g3 a6 48. Re8 Ne5 49. Rg8 b5 50. a3 Nc4 51. Nb1 Rh7 52. b3 Ne5
53. Nd2 Rc7+ 54. Kd1 Ng4 55. Ra8 Rc6 56. b4 Ne3+ 57. Ke2 Nc2 58. Nb3 Rc3 59. Nc5
Rxa3 60. Rxa6 Rxg3 61. Rxf6+ Kxf6 62. Ne4+ Ke5 63. Nxg3 Nxb4 64. Kd2 Kd4 65.
Nf5+ Kc5 66. Kc3 Nd5+ 67. Kb3 b4 68. Ng3 Nf6 69. Nf1 Ne4 70. Ne3 Nd2+ 71. Kb2
Nc4+ 72. Nxc4 Kxc4 73. Kc2 b3+ 74. Kb1 Kb4 75. Kb2 Ka4 76. Kb1 Ka3 77. Ka1 b2+
78. Kb1 Kb3 1/2-1/2